000 00518nam a2200193Ia 4500
005 20260429112229.0
008 260429s9999||||xx |||||||||||||| ||und||
020 _a9789362247988
041 _aEnglish
082 _a910.026
_bKRI
100 _aKrinninger, Wolfgang
245 0 _aTourism crime and security management /
_cWolfgang Krinninger
260 _aNew Delhi :
_bDiscovery Publishing House,
_c2025.
300 _avi, 251 p.; hb
650 _a Crime
650 _a Law
650 _aTourism
942 _cTB
999 _c53020
_d53020